Communication from the classroom teacher

Bibliographic Details
Main Author: Cooper, Pamela J.
Format: Book
Published: Boston : Allyn & Bacon , 2003
Edition:7th ed.
Subjects:

MARC

LEADER 00000cam a2200000 7i4500
001 0000011233
005 20050428.0
020 |a 0205359558 
040 |a INS 
090 0 0 |a LB1033.   |b C64 2003 
100 1 |a Cooper, Pamela J. 
245 1 0 |a Communication from the classroom teacher   |c Pamela J. Cooper 
250 |a 7th ed. 
260 |a Boston :   |b Allyn & Bacon ,   |c 2003 
300 |a xvi :   |b 334p ;   |c 23cm. 
650 0 0 |a Interaction analysis in education 
650 0 0 |a Oral communication 
650 0 0 |a Teacher-student relationships 
999 |a 0000010588   |b BOOK   |c Open Shelf   |e Default branch